Biblioteca

Multi-ethnicity : (Registro nro. 66956)

Detalles MARC
000 -LÍDER
Campo fijo de descripción fija 01340nam a2200361 i 4500
001 - NÚMERO DE CONTROL
Campo de control 768714001
003 - IDENTIFICADOR DEL NÚMERO DE CONTROL
Campo de control CO-MdFUSB
005 - FECHA Y HORA DE LA ULTIMA TRANSACCIÓN
control field 20240618062722.0
007 - CAMPO FIJO DE DESCRIPCIÓN FIJA--INFORMACIÓN GENERAL
Campo fijo de descripción fija ta
008 - ELEMENTOS DE LONGITUD FIJA -- INFORMACIÓN GENERAL
Campo fijo de descripción fija -- Información general 211015t1990 -us |||| |||| 00| 0 eng d
020 ## - NÚMERO INTERNACIONAL NORMALIZADO PARA LIBROS
Número Internacional Normalizado del libro 9780830849055
040 ## - FUENTE DE CATALOGACIÓN
Agencia de catalogación original CO-MdFUSB
Idioma de catalogación spa
Agencia que realiza la transcripción CO-MdFUSB
Agencia que realiza la modificación CO-MdFUSBC
Convenciones de la descripción rda
041 ## - CÓDIGO DE IDIOMA
Código de idioma para texto/pista de sonido o título separado eng
082 ## - NÚMERO DE CLASIFICACIÓN DECIMAL DEWEY
Número de la edición del Dewey 23
Número de clasificación 266
Clave de autor-Numero de item C212
100 ## - ASIENTO PRINCIPAL--NOMBRE PERSONAL
Nombre personal Canales, Isaac,
Término relacionador autor
245 1# - TÍTULO
Título del Material Multi-ethnicity :
Parte restante del título - Subtitulo 6 studies for individuals or groups
Mención de responsabilidad, etc. / Isaac Canales ; Erin Dufault
264 #1 - PRODUCCIÓN, PUBLICACIÓN, DISTRIBUCIÓN, MANUFACTURA, Y COPYRIGHT
Lugar de producción, publicación, distribución, manufactura Downers Grove, Ill. :
Nombre del productor, publicador, distribuidor InterVarsity Press,
Fecha de producción, publicación, distribución, manufactura, o copyright [1990]
264 #4 - PRODUCCIÓN, PUBLICACIÓN, DISTRIBUCIÓN, MANUFACTURA, Y COPYRIGHT
Fecha de producción, publicación, distribución, manufactura, o copyright © 1990
300 ## - DESCRIPCIÓN FÍSICA
Extensión 47 páginas
Dimensiones ; 21 cm
336 ## - TIPO DE CONTENIDO
Fuente rdacontent
Término de tipo de contenido texto
Código de tipo de contenido txt
337 ## - TIPO DE MEDIO
Fuente rdamedia
Nombre del tipo de medio sin mediación
Código del tipo de medio n
338 ## - TIPO DE SOPORTE
Fuente rdacarrier
Nombre del tipo de soporte volumen
Código Tipo de soporte nc
490 ## - MENCIÓN DE SERIE
Mención de serie Global Issues Bible studies.
505 ## - NOTA DE CONTENIDO
Nota de contenido con formato preestablecido Bienvenidos a temas globales Estudios bíblicos - Introducción a la diversidad étnica - El propósito del Reino de Dios - La creación de la cultura - La teología de la acogida - El amor de Dios por todas las culturas - Nuestro puente con otras culturas - El ministerio del cuerpo.
563 ## - NOTA DE ENCUADERNACIÓN
Nota de encuadernación Rústico
650 #0 - ASIENTO SECUNDARIO DE MATERIA - TERMINO TEMÁTICO
Término temático o nombre geográfico como elemento de entrada Misiones
9 (RLIN) 154
653 ## - TÉRMINO DE INDIZACIÓN - NO CONTROLADO
Término no controlado Relaciones étnicas.
653 ## - TÉRMINO DE INDIZACIÓN - NO CONTROLADO
Término no controlado Estudio y enseñanza de la Biblia.
700 ## - ASIENTO SECUNDARIO - NOMBRE PERSONAL
9 (RLIN) 5795
Nombre personal Dufault, Erin,
Responsabilidad autor
942 ## - TIPO DE MATERIAL (KOHA)
Tipo de Item KOHA Libros General
945 ## - INFORMACIÓN LOCAL DEL REGISTRO
Catalogador JTF-925
Existencias
Estado de Material Estado de Perdido Forma de Clasificación Estado de Dañado No para Préstamo Colección Biblioteca de Origen Biblioteca Permanente Fecha de Adquisición Área Total de Préstamos Signatura Topográfica Código de Barras Última vez visto Ejemplar/Existencia Fecha de Remplazo Tipo de Material
    Dewey Decimal Classification     Colección General Biblioteca FUSBC Biblioteca FUSBC 15/10/2021 CULTURA Y COSTUMBRES   G 266 C212m 16994 15/10/2021 Ej. 1 15/10/2021 Libros General

Biblioteca FUSBC | Teléfono: (57+4) 349 88 10 Ext. 141| WhatsApp (+57) 3005338115 
E-mail: biblioteca@unisbc.edu.co | Calle 76 87-14 Robledo Palenque, Medellín, Colombia

Con tecnología Koha